Statistics for Biggest Cities in Lithuania - Hard

Click here to take the quiz!

General Stats

  • This quiz has been taken 145 times
  • The average score is 13 of 20

Answer Stats

PopulationAnswer% Correct
539,939Vilnius
99%
157,350Klaipėda
98%
304,097Kaunas
97%
105,653Šiauliai
89%
39,542Marijampolė
82%
96,345Panevėžys
81%
56,364Alytus
78%
17,620Palanga
70%
28,391Utena
70%
36,278Mažeikiai
61%
24,500Telšiai
61%
16,263Druskininkai
56%
24,043Tauragė
55%
34,056Jonava
52%
26,080Kėdainiai
51%
22,904Ukmergė
46%
18,124Kretinga
40%
19,142Plungė
40%
20,238Visaginas
40%
19,625Radviliškis
32%

Score Distribution

Percentile by Number Answered

Percent of People with Each Score

Your Score History

You have not taken this quiz